000 00377nam a22001217a 4500
040 _cHS
082 _a634
100 _aនុព សុធា
245 _aកម្មវិធីបណ្តុះបណ្តាលស្តីពីការផ្សព្វផ្សាយព្រៃឈើ
260 _aCambodia
_bនុព សុធា
_cNA
300 _aNA
942 _cKB
999 _c9282
_d9282